| 000 | 00681nam a2200181Ia 4500 | ||
|---|---|---|---|
| 008 | 151018s9999 xx 000 0 und d | ||
| 082 |
_bRBASDV6750 _a891.463 |
||
| 100 | _aजगन्नाथ महाजन | ||
| 245 | _aचंद्रसेन आणि उडता घोडा | ||
| 250 | _b1 | ||
| 260 |
_bश्रीराम प्रकाशन पुणे _c1965 |
||
| 300 | _a32 | ||
| 600 | _aजगन्नाथ महाजन | ||
| 630 | _aचंद्रसेन आणि उडता घोडा | ||
| 700 | _aजगन्नाथ महाजन | ||
| 730 | _aचंद्रसेन आणि उडता घोडा | ||
| 942 | _cBOOK | ||
| 999 |
_c1009121 _d1009118 |
||